Pléonasme ou pas ? - Statistiques

Statistiques générales
  • Ce quiz a été pris 571 fois
  • Le résultat moyen est 20 sur 30
Statistiques - réponses
Question Réponse % Correct
Aller à la cave NON
97%
Trèfle à quatre feuilles NON
97%
Bénévole volontaire OUI
95%
Mauvais rêve NON
94%
Parking pour camions NON
91%
Pelouse de golf NON
87%
Caserne militaire NON
87%
Antidote contre OUI
85%
Hémorragie de sang OUI
85%
14 heures de l'après-midi OUI
85%
Orteil du pied OUI
84%
Actuellement en cours OUI
82%
Gravir la montagne NON
80%
Abolir complétement OUI
80%
Coopérer ensemble OUI
80%
Marcher à pied OUI
78%
Ajourner à plus tard OUI
77%
Dynastie familiale OUI
63%
Crier fort OUI
62%
Pondre un oeuf (poule) OUI
57%
Durer longtemps NON
53%
Oubli involontaire OUI
53%
Amulette de protection OUI
52%
Accalmie passagère OUI
38%
Belle opportunité OUI
35%
But ultime (objectif) OUI
35%
Canicule estivale OUI
28%
Averse de pluie NON
27%
S'immoler par le feu NON
23%
Talonner de près NON
15%
Aucun quiz correspondant
Distribution des résultats
% des personnes avec chaque résultat
Percentile par nombre de réponses
Votre historique - résultats
Vous n’avez pas pris ce quiz